Les Accions de suport als municipis en l'àmbit del desenvolupament econòmic local / Servei de Promoció Econòmica
Descripción Física:
35 p. ; 30 cm
Materias:
Administració local
MARC
| LEADER | 00000nam a2200000Ia 4500 | ||
|---|---|---|---|
| 001 | 11081 | ||
| 008 | 160829s9999 xx 000 0 cat d | ||
| 080 | |a M-1-84 | ||
| 110 | |a Barcelona (Catalunya : Província). |b Servei de Promoció Econòmica |9 53915 | ||
| 245 | |a Les Accions de suport als municipis en l'àmbit del desenvolupament econòmic local / Servei de Promoció Econòmica | ||
| 260 | |a Barcelona : |b Diputació de Barcelona, maig 1994 | ||
| 300 | |a 35 p. ; |c 30 cm | ||
| 650 | 0 | |a Administració local |9 34286 | |
| 901 | |a Arxiu | ||
| 942 | |n 1 | ||
| 952 | |0 0 |1 0 |4 0 |6 M184 |7 1 |9 42499 |a Arxiu |b Arxiu |d 2016-12-01 |l 0 |o M-1-84 |p 11081 |r 2016-12-01 00:00:00 |w 2016-12-01 |y ARXIU | ||
| 999 | |c 45004 |d 45004 | ||